A savage war of peace : Algeria, 1954-1962 /

Bibliographic Details
Main Author: Horne, Alistair
Format: Book
Language:English
Published: New York, N.Y., U.S.A. : Penguin Books, 1987.
Edition:Rev. ed.
Subjects:

MARC

Tag First Indicator Second Indicator Subfields
LEADER 00000cam a2200000 a 4500
001 in00000013537
005 20151007052508.0
008 871029s1987 nyuaf b 00110 eng
010 |a  87405592  
020 |a 0140101918 (pbk.) :  |c $8.95 
035 |a (OCoLC)16918221 
035 |9 AAA8027AM 
040 |a DLC  |c DLC  |d TXA  |d UtOrBLW 
043 |a f-ae---  |a e-fr--- 
049 |a TXAM  |c [A11486622] 
050 0 0 |a DT295  |b .H64 1987 
082 0 |a 965/.04  |2 19 
100 1 |a Horne, Alistair. 
245 1 2 |a A savage war of peace :  |b Algeria, 1954-1962 /  |c Alistair Horne. 
250 |a Rev. ed. 
264 1 |a New York, N.Y., U.S.A. :  |b Penguin Books,  |c 1987. 
300 |a 606 pages, 16 unnumbered pages of plates :  |b illustrations ;  |c 24 cm. 
336 |a text  |b txt  |2 rdacontent 
337 |a unmediated  |b n  |2 rdamedia 
338 |a volume  |b nc  |2 rdacarrier 
500 |a "Elisabeth Sifton books." 
504 |a Bibliography: pages 572-577. 
500 |a Includes index. 
651 0 |a Algeria  |x History  |y Revolution, 1954-1962. 
999 |a MARS 
999 f f |s 33cd87ab-5eda-354d-a39e-e72f14e9070e  |i 77e6be53-776d-3d31-bf00-6355b79b0247  |t 0 
952 f f |p normal  |a Texas A&M University  |b College Station  |c Sterling C. Evans Library  |d Evans: Library Stacks  |t 0  |e DT295 .H64 1987  |h Library of Congress classification  |i unmediated -- volume  |m A14811486622 
998 f f |a DT295 .H64 1987  |t 0  |l Evans: Library Stacks